Tratado de compliance

Guardat en:
Dades bibliogràfiques
Altres autors: Saccani, Raúl R (Director), Morales Oliver, Gustavo L (Director)
Format: Llibre
Idioma:espanyol
Publicat: Buenos Aires, Argentina La Ley 2018
Edició:1a. ed
Matèries:
Etiquetes: Afegir etiqueta
Sense etiquetes, Sigues el primer a etiquetar aquest registre!

MARC

LEADER 00000cam a2200000 a 4500
001 UCC8309
003 CL-VaPUC
005 20210612001407.0
008 190617e20180000ag |||||||||||||||||spa|d
999 |c 374659  |d 374657 
020 |a 9789870336303o.c 
020 |a 9789870336419t.1 
020 |a 9789870336426t.2 
040 |c Pontificia Universidad Católica de Valparaíso 
082 0 4 |a 345.04 SAC 2018  |b    |2 21 
100 0 |a Saccani, Raúl R  |e director  |9 602988 
245 1 0 |a Tratado de compliance 
250 |a 1a. ed 
260 |a Buenos Aires, Argentina   |b La Ley   |c 2018 
300 |a 2 tomos  
583 |a last modification  |c 20190617 11:18:00  |k Rodrigo Vera 
650 7 |a DERECHO PENAL  |2 CL-VaPUC  |9 11 
650 7 |a ENCUBRIMIENTO  |2 CL-VaPUC  |9 383239 
650 7 |a PARTICIPACION CRIMINAL  |2 CL-VaPUC  |9 383238 
650 0 |a Responsabilidad penal  |9 254899 
650 7 |a COMPLICIDAD  |2 CL-VaPUC  |9 486319 
700 0 |a Morales Oliver, Gustavo L  |e director  |9 602989 
852 |a BIBDER 
942 |c BK  |2 ddc 
945 |d 20190617 11:18:00  |a dcastane 
952 |0 0  |1 0  |3 erb  |4 0  |6 345_040000000000000_SAC_2018  |7 0  |8 A  |9 493312  |a BIBDER  |b BIBDER  |d 2019-06-12  |e 12  |g 89250.00  |h t.1  |i 5552621  |l 2  |o 345.04 SAC 2018  |p 5552621  |r 2025-04-16  |s 2025-04-09  |v 89250.00  |w 2019-11-24  |y BK  |z Catalogado en:20190617  |k DER 
952 |0 0  |1 0  |3 erb  |4 0  |6 345_040000000000000_SAC_2018  |7 0  |8 A  |9 493313  |a BIBDER  |b BIBDER  |d 2019-06-12  |e 12  |g 89250.00  |h t.2  |i 555263K  |l 1  |o 345.04 SAC 2018  |p 555263K  |r 2021-03-02  |s 2020-05-11  |v 89250.00  |w 2019-11-24  |y BK  |z Catalogado en:20190617  |k DER